Harry Potter: Beauxbâtons - Statistiques

Statistiques générales
  • Ce quiz a été pris 279 fois
  • Le résultat moyen est 10 sur 13
Statistiques - réponses
Information Réponses % Correct
Elève connue Fleur Delacour
99%
Première apparition Harry Potter et la Coupe de Feu
99%
Pays France
95%
Directrice Olympe Maxime
95%
Autre école participante Poudlard
94%
Autre école participante Durmstrang
91%
Elève connue Gabrielle Delacour
88%
Dernière apparition Harry Potter et le Prince de Sang-Mêlé
83%
Evenement organisé tout les 5 ans Tournoi des Trois Sorciers
79%
Fonction Educative
74%
Emplacement Pyrénées
39%
Elève connu Nicolas Flamel
21%
Elève connue Pernelle Flamel
13%
Aucun quiz correspondant
Distribution des résultats
% des personnes avec chaque résultat
Percentile par nombre de réponses
Votre historique - résultats
Vous n’avez pas pris ce quiz